The Premarital counseling handbook / (Record no. 6266)
[ view plain ]
| 000 -LEADER | |
|---|---|
| fixed length control field | 00698nam a22002172 4500 |
| 001 - CONTROL NUMBER | |
| control field | 0000003178 |
| 005 - DATE AND TIME OF LATEST TRANSACTION | |
| control field | 20151217151917.0 |
| 008 - FIXED-LENGTH DATA ELEMENTS--GENERAL INFORMATION | |
| fixed length control field | 070430s xx 000 0 eng d |
| 020 ## - INTERNATIONAL STANDARD BOOK NUMBER | |
| International Standard Book Number | 0802463827 : |
| Terms of availability | KES 1,990 |
| 040 ## - CATALOGING SOURCE | |
| Original cataloging agency | KABU |
| Transcribing agency | KABU |
| 050 #0 - LIBRARY OF CONGRESS CALL NUMBER | |
| Classification number | HQ10.5 |
| Item number | .U6W75 1992 |
| 100 1# - MAIN ENTRY--PERSONAL NAME | |
| Personal name | Wright, H. Norman. |
| -- | 0000152879 |
| 245 14 - TITLE STATEMENT | |
| Title | The Premarital counseling handbook / |
| Statement of responsibility, etc. | H. Norman Wright. |
| 260 ## - PUBLICATION, DISTRIBUTION, ETC. (IMPRINT) | |
| Place of publication, distribution, etc. | Chicago : |
| Name of publisher, distributor, etc. | Moody Press, |
| Date of publication, distribution, etc. | c1992. |
| 300 ## - PHYSICAL DESCRIPTION | |
| Extent | 271 p. ; |
| Dimensions | 24 cm. |
| 650 #0 - SUBJECT ADDED ENTRY--TOPICAL TERM | |
| Topical term or geographic name as entry element | Marriage counseling |
| Geographic subdivision | United States. |
| -- | 0000152880 |
| 908 ## - PUT COMMAND PARAMETER (RLIN) | |
| Put command parameter | 070430 |
| 950 ## - LOCAL HOLDINGS (RLIN) | |
| -- | 1 |
| Withdrawn status | Lost status | Source of classification or shelving scheme | Not for loan | Home library | Current library | Date acquired | Total Checkouts | Full call number | Barcode | Date last seen | Price effective from | Koha item type |
|---|---|---|---|---|---|---|---|---|---|---|---|---|
| Library of Congress Classification | Kabarak, Main Campus | Kabarak, Main Campus | 17/12/2015 | HQ10.5 .U6W75 1992 | 007723 | 17/12/2015 | 17/12/2015 | General Collection | ||||
| Library of Congress Classification | Kabarak, Main Campus | Kabarak, Main Campus | 17/12/2015 | HQ10.5 .U6W75 1992 | 007724 | 17/12/2015 | 17/12/2015 | General Collection |